Protecting plantations (Record no. 66045)

MARC details
000 -LEADER
fixed length control field 00481nam a2200205Ia 4500
100 ## - MAIN ENTRY--AUTHOR NAME
Personal name Mabbett T
245 #0 - TITLE STATEMENT
Title Protecting plantations
260 ## - PUBLICATION, DISTRIBUTION, ETC. (IMPRINT)
Name of publisher African Farming and Food Processing
Year of publication 1999
300 ## - PHYSICAL DESCRIPTION
Number of Pages 33-35
500 ## - GENERAL NOTE
General note Source Year: 2000
650 ## - SUBJECT ADDED ENTRY--TOPICAL TERM
Topical Term Cocoa
650 ## - SUBJECT ADDED ENTRY--TOPICAL TERM
Topical Term Coffee
650 ## - SUBJECT ADDED ENTRY--TOPICAL TERM
Topical Term Disease control
650 ## - SUBJECT ADDED ENTRY--TOPICAL TERM
Topical Term Plantation crops
650 ## - SUBJECT ADDED ENTRY--TOPICAL TERM
Topical Term Rubber
650 ## - SUBJECT ADDED ENTRY--TOPICAL TERM
Topical Term Tea
856 ## - ELECTRONIC LOCATION AND ACCESS
Uniform Resource Identifier IRRDB
942 ## - ADDED ENTRY ELEMENTS (KOHA)
Koha item type Journals
Holdings
Withdrawn status Lost status Damaged status Not for loan Home library Current library Shelving location Date acquired Serial Enumeration / chronology Koha item type
      Journals RRII Library RRII Library Plant pathology 17/12/2021 Volume, Issue 17 Journals